Sinsajo
Guardat en:
| Autor principal: | |
|---|---|
| Format: | Llibre |
| Idioma: | espanyol |
| Publicat: |
Buenos Aires
Del Nuevo Extremo
2012
|
| Col·lecció: | Los Juegos del Hambre, 3
|
| Matèries: | |
| Etiquetes: |
Afegir etiqueta
Sense etiquetes, Sigues el primer a etiquetar aquest registre!
|
MARC
| LEADER | 00000cam a2200000 a 4500 | ||
|---|---|---|---|
| 001 | UCF1727 | ||
| 003 | CL-VaPUC | ||
| 008 | 120723e20120000AG |||||||||||||||||spa|d | ||
| 020 | |a 9789876092449 | ||
| 082 | 0 | 4 | |a 813 |b COL |2 21 |
| 100 | 0 | |a Collins, Suzanne |e author |9 563216 | |
| 245 | 1 | 0 | |a Sinsajo |
| 300 | |a 422 p | ||
| 942 | |c BK | ||
| 945 | |d 20120723 00:00:00 |a dcastane | ||
| 260 | |a Buenos Aires |b Del Nuevo Extremo |c 2012 | ||
| 650 | 0 | |a Novelas estadounidenses |9 265217 | |
| 650 | 0 | |a Literatura estadounidense |9 317168 | |
| 583 | |a last modification |c 20160623 08:54:25 |k Rodrigo Vera | ||
| 490 | 0 | |a Los Juegos del Hambre, 3 | |
| 999 | |c 348415 |d 348413 | ||
| 952 | |0 0 |1 0 |4 0 |6 813_000000000000000_COL_2012 |7 0 |8 A |9 450413 |a BIBING |b BIBING |d 2019-11-22 |i 4883632 |l 4 |m 1 |o 813 COL 2012 |p 4883632 |r 2025-01-20 |s 2023-05-02 |w 2019-11-22 |y BK |k CUI | ||